000 00655nam a2200241 i 4500
001 C2-0224470
003 PPAK
005 20180728153000.0
008 000423s1998 my a|||| ||||| | eng d
020 _a983976327X
040 _aPPAK
_beng
_cPPAK
_erda
082 0 4 _a823
_223
090 0 0 _a823
_bKRI
_dK
100 0 _aKrishnan Panikker,
_eauthor
245 1 4 _aThe Bosnian girl
264 1 _aKuala Lumpur :
_bNisam Enterprise ,
_c1998
300 _a76 pages :
_billustrations ;
_c19 cm
336 _2rdacontent
_atext
337 _2rdamedia
_aunmediated
338 _2rdacarrier
_avolume
650 1 0 _aChildren's stories, English
942 _ddc
_cB
999 _c145365
_d145365